Napájací zdroj pre nízkofrekvenčný zosilňovač do automobilu
Saved in:
| Main Author: | |
|---|---|
| Other Authors: | |
| Format: | Manuscript Book |
| Language: | Slovak |
| Published: |
Bratislava :
STU v Bratislave FEI,
2023
|
| Subjects: | |
| Online Access: | https://opac.crzp.sk/?fn=detailBiblioFormChildCSGOF&sid=52D5268610832158D8A396036F77&seo=CRZP-detail-kniha |
| Tags: |
No Tags, Be the first to tag this record!
|
MARC
| LEADER | 00000ntm a22000003a 4500 | ||
|---|---|---|---|
| 001 | stuzp91917 | ||
| 003 | SK-STU | ||
| 005 | 20241114134740.1 | ||
| 007 | ta | ||
| 008 | 150427s2015----xo-----f-mn---000-0-slo-d | ||
| 040 | |a STU |b slo | ||
| 041 | 0 | |a slo | |
| 044 | |a xo | ||
| 100 | 1 | |a Vass, Tobiáš |u 033000 |4 aut |U FEI Fakulta elektrotechniky a informatiky |T FEI Ústav elektroniky a fotoniky |X 111998 |U E030 |Y 549 |7 111998 | |
| 242 | 0 | 1 | |a A car audio amplifier power supply |y eng |
| 245 | 1 | 0 | |a Napájací zdroj pre nízkofrekvenčný zosilňovač do automobilu |
| 260 | |a Bratislava : |b STU v Bratislave FEI, |c 2023 | ||
| 300 | |a 57 s. | ||
| 650 | 4 | |a DC-DC menič |2 slo | |
| 650 | 4 | |a spínaný zdroj |2 slo | |
| 650 | 4 | |a pulzný transformátor |2 slo | |
| 650 | 4 | |a DC-DC converter |2 eng | |
| 650 | 4 | |a switching power supply |2 eng | |
| 650 | 4 | |a pulse transformer |2 eng | |
| 700 | 1 | |a Kubinec, Peter |u 033000 |k Z1 |4 ths |U FEI Fakulta elektrotechniky a informatiky |T FEI Ústav elektroniky a fotoniky |X 2052 |U E030 |Y 549 |7 A000002052 | |
| 856 | 4 | |u https://opac.crzp.sk/?fn=detailBiblioFormChildCSGOF&sid=52D5268610832158D8A396036F77&seo=CRZP-detail-kniha | |